[Event "POL-chT 3rd League Wielkopolska 12/13"]
[Site "Poznan"]
[Date "2013.03.10"]
[Round "10.2"]
[White "Miszczak, Mateusz"]
[Black "Nowakowski, Jaroslaw"]
[Result "1/2-1/2"]
[WhiteElo "1974"]
[BlackElo "1785"]
[PlyCount "60"]
[EventDate "2012.11.25"]
[EventType "team-tourn"]
[EventRounds "11"]
[EventCountry "POL"]
[SourceTitle "EXT 2014"]
[Source "ChessBase"]
[SourceDate "2013.11.20"]
[SourceVersion "1"]
[SourceVersionDate "2013.11.20"]
[SourceQuality "1"]
[WhiteTeam "Rawicz Korona Rawbud"]
[BlackTeam "Szamotuly Baszta"]
[WhiteTeamCountry "POL"]
[BlackTeamCountry "POL"]

1. d4 Nf6 2. c4 e6 3. Nc3 d5 4. Bg5 Be7 5. e3 0-0 6. Nf3 b6 7. Bd3 Bb7 8. 0-0 dxc4 9. Bxc4 Nbd7 10. Qe2 h6 11. Bh4 Ne4 12. Bxe7 Qxe7 13. Rfd1 Ndf6 14. Rac1 c5 15. Nxe4 Nxe4 16. Bb5 Rfd8 17. Ne5 Rac8 18. h3 Qg5 19. Nf3 Qe7 20. Ne5 Qg5 21. Nf3 Qe7 22. dxc5 Rxc5 23. Rxc5 Nxc5 24. Rxd8+ Qxd8 25. Qd2 Qd5 26. a3 Ne4 27. Qxd5 Bxd5 28. Nd4 Nd2 29. f3 f5 30. Kf2 Nb3 1/2-1/2

[Event "POL-chT 3rd League Wielkopolska 12/13"]
[Site "Poznan"]
[Date "2012.12.02"]
[Round "3.8"]
[White "Krasinski, Rafal"]
[Black "Miszczak, Mateusz"]
[Result "0-1"]
[WhiteElo "1918"]
[BlackElo "1974"]
[PlyCount "68"]
[EventDate "2012.11.25"]
[EventType "team-tourn"]
[EventRounds "11"]
[EventCountry "POL"]
[SourceTitle "EXT 2014"]
[Source "ChessBase"]
[SourceDate "2013.11.20"]
[SourceVersion "1"]
[SourceVersionDate "2013.11.20"]
[SourceQuality "1"]
[WhiteTeam "Poznan Lech"]
[BlackTeam "Rawicz Korona Rawbud"]
[WhiteTeamCountry "POL"]
[BlackTeamCountry "POL"]

1. Nf3 Nf6 2. c4 e6 3. b3 d5 4. e3 Nbd7 5. Nc3 c6 6. Bb2 Bd6 7. d4 0-0 8. Be2 Qe7 9. 0-0 b6 10. Rc1 Bb7 11. Qc2 Rac8 12. Nd2 e5 13. Qf5 e4 14. cxd5 cxd5 15. f3 exf3 16. Rxf3 g6 17. Qh3 Nh5 18. g4 Ng7 19. Qg2 f5 20. Rh3 Nf6 21. g5 Ne4 22. Ndxe4 fxe4 23. Kh1 Rf7 24. Nb5 Bb8 25. Rxc8+ Bxc8 26. Bg4 Qb4 27. Nc3 Qf8 28. Be2 Rf2 29. Rf3 Rxf3 30. Bxf3 exf3 31. Qf2 Qf5 32. h4 Nh5 33. Kg1 Bg3 34. Qd2 f2+ 0-1

[Event "POL-chT 3rd League Wielkopolska 12/13"]
[Site "Poznan"]
[Date "2012.12.02"]
[Round "2.2"]
[White "Swiatek, Bartosz"]
[Black "Miszczak, Mateusz"]
[Result "1/2-1/2"]
[WhiteElo "2034"]
[BlackElo "1974"]
[PlyCount "118"]
[EventDate "2012.11.25"]
[EventType "team-tourn"]
[EventRounds "11"]
[EventCountry "POL"]
[SourceTitle "EXT 2014"]
[Source "ChessBase"]
[SourceDate "2013.11.20"]
[SourceVersion "1"]
[SourceVersionDate "2013.11.20"]
[SourceQuality "1"]
[WhiteTeam "Poznan Politechnika II"]
[BlackTeam "Rawicz Korona Rawbud"]
[WhiteTeamCountry "POL"]
[BlackTeamCountry "POL"]

1. e4 c6 2. d4 d5 3. Nc3 dxe4 4. Nxe4 Nd7 5. Nf3 Ngf6 6. Nxf6+ Nxf6 7. Bc4 e6 8. 0-0 Be7 9. Re1 0-0 10. Bf4 b5 11. Bd3 a6 12. Ne5 Bb7 13. a4 Qb6 14. a5 Qa7 15. Re3 c5 16. Rh3 c4 17. Bf1 Rad8 18. c3 Be4 19. g4 Nd7 20. Qe2 Ba8 21. Qc2 g6 22. Re1 Bf6 23. g5 Bg7 24. Ng4 Rfe8 25. Ree3 Qb7 26. f3 f5 27. Ne5 Nxe5 28. Bxe5 Bxe5 29. Rxe5 Rd5 30. Qe2 Rxe5 31. Qxe5 Qg7 32. Qxg7+ Kxg7 33. f4 Bd5 34. Re3 Kf7 35. Re5 Rd8 36. Bg2 Ke7 37. Kf2 Rd7 38. h4 Rd8 39. Bf3 Kd6 40. Re1 Rb8 41. Re5 b4 42. Bxd5 exd5 43. h5 bxc3 44. bxc3 Rb2+ 45. Ke1 Ra2 46. hxg6 hxg6 47. Re8 Rxa5 48. Rg8 Ra1+ 49. Kd2 Ra2+ 50. Kd1 Rf2 51. Rxg6+ Ke7 52. Rxa6 Rxf4 53. Ra5 Ke6 54. Ra6+ Ke7 55. Rf6 Rf3 56. Ke2 Rxc3 57. Rxf5 Ke6 58. Rf6+ Ke7 59. Rf5 Ke6 1/2-1/2

[Event "Wroclaw op-B 7th"]
[Site "Wroclaw"]
[Date "2012.07.09"]
[Round "8"]
[White "Stankowski, Aleksander"]
[Black "Miszczak, Mateusz"]
[Result "1-0"]
[WhiteElo "1884"]
[BlackElo "1974"]
[PlyCount "75"]
[EventDate "2012.07.02"]
[EventType "swiss"]
[EventRounds "9"]
[EventCountry "POL"]
[SourceTitle "EXT 2013"]
[Source "ChessBase"]
[SourceDate "2012.11.22"]
[SourceVersion "1"]
[SourceVersionDate "2012.11.22"]
[SourceQuality "1"]

1. Nf3 Nf6 2. g3 e6 3. Bg2 d5 4. 0-0 Be7 5. d3 c5 6. Nc3 0-0 7. e4 Nc6 8. h3 a6 9. a4 b6 10. Nh2 Bb7 11. f4 d4 12. Ne2 b5 13. g4 e5 14. Ng3 g6 15. f5 Nd7 16. Bh6 Re8 17. fxg6 fxg6 18. Qf3 Bf8 19. g5 Bxh6 20. gxh6 Qe7 21. h4 Qe6 22. Bh3 Qe7 23. Bxd7 Qxd7 24. Ng4 Rf8 25. Nf6+ Rxf6 26. Qxf6 Qe7 27. Qxe7 Nxe7 28. axb5 axb5 29. Rxa8+ Bxa8 30. Ra1 Bc6 31. h5 c4 32. Ra7 cxd3 33. cxd3 Kf8 34. hxg6 Nxg6 35. Rxh7 Be8 36. Nf5 Kg8 37. Rg7+ Kh8 38. h7 1-0

[Event "Wroclaw op-B 7th"]
[Site "Wroclaw"]
[Date "2012.07.02"]
[Round "1"]
[White "Kucharska, Honorata"]
[Black "Miszczak, Mateusz"]
[Result "0-1"]
[WhiteElo "1617"]
[BlackElo "1974"]
[PlyCount "92"]
[EventDate "2012.07.02"]
[EventType "swiss"]
[EventRounds "9"]
[EventCountry "POL"]
[SourceTitle "EXT 2013"]
[Source "ChessBase"]
[SourceDate "2012.11.22"]
[SourceVersion "1"]
[SourceVersionDate "2012.11.22"]
[SourceQuality "1"]

1. e4 c6 2. d4 d5 3. exd5 cxd5 4. Bd3 Nc6 5. c3 Nf6 6. h3 g6 7. Nf3 Bf5 8. Bf4 Bxd3 9. Qxd3 Bg7 10. Nbd2 0-0 11. 0-0 Re8 12. Rfe1 Nd7 13. Ne5 Ncxe5 14. Bxe5 Nxe5 15. dxe5 e6 16. f4 Qb6+ 17. Kh1 Qxb2 18. Nb3 Qa3 19. Nd4 a6 20. Reb1 Rec8 21. Rb3 Qa5 22. Ne2 b5 23. Nd4 Rc4 24. Qd2 Rac8 25. Rc1 Bf8 26. Rc2 Bc5 27. Ne2 Qb6 28. Rc1 Be3 29. Qd1 Bxc1 30. Qxc1 d4 31. Qd2 dxc3 32. Nxc3 Qc6 33. Ne2 Rc2 34. Qd3 Qc4 35. Qg3 Qxe2 36. Rf3 Rc1+ 37. Kh2 Qe1 38. Qxe1 Rxe1 39. Ra3 a5 40. Rxa5 Rb1 41. Ra7 Rb2 42. Ra5 Rcc2 43. Ra8+ Kg7 44. a3 Rxg2+ 45. Kh1 Rgc2 46. h4 Rc1# 0-1

[Event "POL-chT3 Wielkopolska 1112"]
[Site "Poland"]
[Date "2012.??.??"]
[Round "11.2"]
[White "Miszczak, Mateusz"]
[Black "Krasinski, Rafal"]
[Result "1/2-1/2"]
[WhiteElo "1965"]
[BlackElo "1927"]
[PlyCount "92"]
[EventDate "2011.11.27"]
[EventType "team-tourn"]
[EventRounds "11"]
[EventCountry "POL"]
[SourceTitle "EXT 2014"]
[Source "ChessBase"]
[SourceDate "2013.11.20"]
[SourceVersion "1"]
[SourceVersionDate "2013.11.20"]
[SourceQuality "1"]
[WhiteTeam "Rawicz Korona Rawbud"]
[BlackTeam "Poznan Komandoria"]
[WhiteTeamCountry "POL"]
[BlackTeamCountry "POL"]

1. d4 Nf6 2. c4 d6 3. Nf3 g6 4. g3 Bg7 5. Bg2 0-0 6. 0-0 Nbd7 7. Nc3 e5 8. e4 a5 9. h3 h6 10. Be3 Re8 11. d5 Kh7 12. a3 Nh5 13. Qc2 Nf8 14. Kh2 g5 15. b4 Ng6 16. c5 Rf8 17. Nd2 Ne7 18. Bf3 Nf6 19. g4 Ng6 20. Nc4 Nf4 21. cxd6 cxd6 22. Nb5 h5 23. Ncxd6 hxg4 24. Bxf4 gxf4 25. hxg4 Nxg4+ 26. Kg2 Qg5 27. Rh1+ Bh6 28. Kf1 axb4 29. Ke2 Qe7 30. Qc7 Qxc7 31. Nxc7 Rxa3 32. Rxa3 bxa3 33. Ra1 Nh2 34. Rxa3 Nxf3 35. Kxf3 Rg8 36. Nxc8 Rxc8 37. d6 Rd8 38. Rd3 Rd7 39. Rd5 f6 40. Nb5 Kg6 41. Kg4 Bf8 42. f3 b6 43. Rd3 Rd8 44. Rd2 Kf7 45. Kf5 Bh6 46. Ra2 Rd7 1/2-1/2

[Event "POL-chT3 Wielkopolska 1112"]
[Site "Poland"]
[Date "2012.??.??"]
[Round "7.14"]
[White "Wesolowski, Edgar"]
[Black "Miszczak, Mateusz"]
[Result "0-1"]
[WhiteElo "1977"]
[BlackElo "1965"]
[PlyCount "62"]
[EventDate "2011.11.27"]
[EventType "team-tourn"]
[EventRounds "11"]
[EventCountry "POL"]
[SourceTitle "EXT 2014"]
[Source "ChessBase"]
[SourceDate "2013.11.20"]
[SourceVersion "1"]
[SourceVersionDate "2013.11.20"]
[SourceQuality "1"]
[WhiteTeam "Wolsztyn UKS Szach"]
[BlackTeam "Rawicz Korona Rawbud"]
[WhiteTeamCountry "POL"]
[BlackTeamCountry "POL"]

1. c4 e5 2. Nc3 d6 3. g3 g6 4. Bg2 Bg7 5. d3 f5 6. e3 Nf6 7. Nge2 c6 8. f4 exf4 9. exf4 0-0 10. h3 Be6 11. Be3 d5 12. cxd5 Nxd5 13. Bc5 Re8 14. 0-0 Na6 15. Bf2 Nab4 16. d4 Nc7 17. Re1 Qd6 18. a3 Nbd5 19. Qc2 Bf7 20. Qd2 Nb6 21. Bf3 Rad8 22. Rad1 Bb3 23. Rb1 c5 24. Bxb7 cxd4 25. Nd1 d3 26. Nc1 Rxe1+ 27. Bxe1 Bc2 28. Ra1 Nc4 29. Qg2 Bxd1 30. Bb4 Qd4+ 31. Kh2 Qxb2 0-1

[Event "POL-chT3 2010/11"]
[Site "Wielkopolska"]
[Date "2011.01.23"]
[Round "5"]
[White "Miszczak, Mateusz"]
[Black "Swiatnicki, Andrzej"]
[Result "1/2-1/2"]
[WhiteElo "1905"]
[BlackElo "2123"]
[PlyCount "35"]
[EventDate "2010.11.28"]
[EventType "team-tourn"]
[EventRounds "11"]
[EventCountry "POL"]
[SourceTitle "EXT 2019"]
[Source "ChessBase"]
[SourceDate "2018.10.10"]
[SourceVersion "1"]
[SourceVersionDate "2018.10.10"]
[SourceQuality "1"]
[WhiteTeam "Rawicz Korona Rawbud"]
[BlackTeam "Konin Hetman"]
[WhiteTeamCountry "POL"]
[BlackTeamCountry "POL"]

1. d4 Nf6 2. c4 e5 3. dxe5 Ne4 4. Nf3 Nc6 5. g3 Bb4+ 6. Nbd2 Qe7 7. Qc2 Nxd2 8. Bxd2 Nxe5 9. Nxe5 Bxd2+ 10. Qxd2 Qxe5 11. Bg2 0-0 12. 0-0 d6 13. e3 Bd7 14. f4 Qf6 15. Qd4 Qxd4 16. exd4 Rfe8 17. Rfe1 c6 18. Kf2 1/2-1/2

[Event "POL-chT3 2010/11"]
[Site "Wielkopolska"]
[Date "2010.11.28"]
[Round "1"]
[White "Witwicki, Pawel"]
[Black "Miszczak, Mateusz"]
[Result "0-1"]
[WhiteElo "1992"]
[BlackElo "1905"]
[PlyCount "54"]
[EventDate "2010.11.28"]
[EventType "team-tourn"]
[EventRounds "11"]
[EventCountry "POL"]
[SourceTitle "EXT 2019"]
[Source "ChessBase"]
[SourceDate "2018.10.10"]
[SourceVersion "1"]
[SourceVersionDate "2018.10.10"]
[SourceQuality "1"]
[WhiteTeam "Jarocin JKSW"]
[BlackTeam "Rawicz Korona Rawbud"]
[WhiteTeamCountry "POL"]
[BlackTeamCountry "POL"]

1. d4 Nf6 2. Nf3 e6 3. c4 b6 4. g3 Bb7 5. Bg2 Be7 6. Nc3 0-0 7. Qc2 c5 8. d5 d6 9. Ng5 e5 10. 0-0 h6 11. Nf3 Ne8 12. e4 Bc8 13. Nd2 f5 14. exf5 Bxf5 15. Be4 Bh3 16. Bh7+ Kh8 17. Nce4 Nd7 18. Re1 Nef6 19. Bg6 Nxe4 20. Nxe4 Nf6 21. Bd2 Nxe4 22. Qxe4 Bg5 23. f4 exf4 24. gxf4 Qf6 25. Bc3 Qxf4 26. Qxf4 Rxf4 27. Re3 Rf1+ 0-1

[Event "POL-chT U19 2nd League"]
[Site "Chelm Lubelski"]
[Date "2010.07.12"]
[Round "8"]
[White "Kowalczyk, Rafal"]
[Black "Miszczak, Mateusz"]
[Result "0-1"]
[WhiteElo "2048"]
[BlackElo "1904"]
[PlyCount "96"]
[EventDate "2010.07.06"]
[EventType "team-tourn"]
[EventRounds "11"]
[EventCountry "POL"]
[SourceTitle "EXT 2011"]
[Source "ChessBase"]
[SourceDate "2010.11.26"]
[SourceVersion "1"]
[SourceVersionDate "2010.11.26"]
[SourceQuality "1"]
[WhiteTeam "Starzenice Park U19"]
[BlackTeam "Rawicz Korona Rawbud U19"]
[WhiteTeamCountry "POL"]
[BlackTeamCountry "POL"]

1. e4 c6 2. d4 d5 3. exd5 cxd5 4. Bd3 Nc6 5. c3 Nf6 6. Bf4 Bg4 7. Qb3 Qc8 8. Nd2 e6 9. Ngf3 Be7 10. h3 Bh5 11. 0-0 0-0 12. Rae1 Bg6 13. Bxg6 hxg6 14. Ne5 a6 15. Ndf3 Na5 16. Qc2 b5 17. Nd3 Nc6 18. Qb3 Qb7 19. Nfe5 Rfc8 20. g4 a5 21. Re3 a4 22. Qd1 b4 23. Nxc6 Rxc6 24. Ne5 Rcc8 25. Qf3 a3 26. bxa3 bxc3 27. Rc1 Ne4 28. Qe2 Bxa3 29. Rc2 Qb1+ 30. Kg2 Bb2 31. f3 Nd2 32. Qd3 Rxa2 33. Nxg6 Ra1 34. Kg3 Nf1+ 35. Kh4 Nxe3 36. Bxe3 Re8 37. Qb5 Raa8 38. Qd3 fxg6 39. Qxg6 Qe1+ 40. Bf2 Qd1 41. Kg3 Qa1 42. Re2 Qa6 43. Re5 Qd6 44. h4 Qe7 45. Rh5 Qf6 46. Qd3 Rf8 47. Be3 Qxf3+ 48. Kh2 Qe4 0-1

[Event "POL-chT U19 2nd League"]
[Site "Chelm Lubelski"]
[Date "2010.07.07"]
[Round "3"]
[White "Luka, Krzysztof"]
[Black "Miszczak, Mateusz"]
[Result "0-1"]
[WhiteElo "1897"]
[BlackElo "1904"]
[PlyCount "54"]
[EventDate "2010.07.06"]
[EventType "team-tourn"]
[EventRounds "11"]
[EventCountry "POL"]
[SourceTitle "EXT 2011"]
[Source "ChessBase"]
[SourceDate "2010.11.26"]
[SourceVersion "1"]
[SourceVersionDate "2010.11.26"]
[SourceQuality "1"]
[WhiteTeam "Rzeszow Staroniwa U19"]
[BlackTeam "Rawicz Korona Rawbud U19"]
[WhiteTeamCountry "POL"]
[BlackTeamCountry "POL"]

1. d4 Nf6 2. c4 e6 3. Nf3 b6 4. Nc3 Bb7 5. e3 Be7 6. Bd3 0-0 7. 0-0 c5 8. Re1 d6 9. b3 Nbd7 10. Bb2 Rc8 11. d5 e5 12. Nd2 Ne8 13. e4 g6 14. g3 Ng7 15. f4 f5 16. Nf3 exf4 17. exf5 Nxf5 18. gxf4 Nh4 19. Nxh4 Bxh4 20. Re6 Rxf4 21. Ne4 Nf8 22. Rxd6 Qe7 23. Qe2 Re8 24. Ng3 Bxg3 25. hxg3 Qg5 26. Bc1 Qxg3+ 27. Qg2 Re1+ 0-1

[Event "POL-ch U18"]
[Site "Karpacz"]
[Date "2010.03.08"]
[Round "4"]
[White "Miszczak, Mateusz"]
[Black "Somyk, Marcin"]
[Result "0-1"]
[WhiteElo "1925"]
[BlackElo "1884"]
[PlyCount "54"]
[EventDate "2010.03.06"]
[EventType "swiss"]
[EventRounds "11"]
[EventCountry "POL"]
[SourceTitle "CBM 135 Extra"]
[Source "ChessBase"]
[SourceDate "2010.05.04"]
[SourceVersion "1"]
[SourceVersionDate "2010.05.04"]
[SourceQuality "1"]

1. d4 e6 2. c4 f5 3. Nf3 Nf6 4. g3 d5 5. Bg2 c6 6. b3 Na6 7. 0-0 Be7 8. Bb2 0-0 9. Nbd2 Qe8 10. Ne5 Qh5 11. f3 g5 12. e4 f4 13. a3 Nc7 14. b4 Nd7 15. Nd3 Rf6 16. Nf2 Rh6 17. Ng4 Rg6 18. cxd5 exd5 19. e5 Nf8 20. Nb3 Nfe6 21. Bc3 Ng7 22. a4 Nf5 23. Be1 b6 24. Qd3 Nh6 25. Nf2 fxg3 26. hxg3 g4 27. f4 Ba6 0-1